Footballers That Have Played in Ligue 1 - Sudden Death - Statistics

General Stats
  • This quiz has been taken 109 times
  • The average score is 8 of 10
Answers on the Grid
Answers color-coded by a green-red scale on the quiz's grid according to % correct below.
Zlatan Ibrahimović
Zinedine Zidane
Wojciech Szczęsny
Willian Pacho
Victor Reis
Steve Mandanda
Stefan Ortega
Sergio Busquets
Pau Cubarsí
Marco Verratti
Marc-André ter Stegen
Marc Casadó
Jonathan David
John McAtee
Eric García
Dimitri Payet
Delio Onnis
David Villa
Blaise Matuidi
Alexandre Lacazette
 
Answer Stats
Answer % Correct
Zlatan Ibrahimović
99%
Zinedine Zidane
89%
Dimitri Payet
87%
Alexandre Lacazette
86%
Blaise Matuidi
84%
Marco Verratti
83%
Jonathan David
82%
Steve Mandanda
75%
Willian Pacho
72%
Delio Onnis
43%
No matching quizzes found
Score Distribution
Percent of People with Each Score
Percentile by Number Answered
Your Score History
You have not taken this quiz